| 000 | 01068cam a22002775a 4500 | ||
|---|---|---|---|
| 005 | 20091104224331.0 | ||
| 008 | 091022s2009 ii ab b 000 0 eng | ||
| 010 | _aENG-95521 | ||
| 020 |
_a9780198063605 _c445.00 |
||
| 020 |
_a0198063601 _c445.00 |
||
| 035 | _aEN-79054 | ||
| 037 | _bDBAD/PUB | ||
| 040 | _aDPL | ||
| 082 | _a340.59 | ||
| 245 |
_aOutlines of Muhammadan Law/ _cedited by Tahir Mahmood |
||
| 260 |
_aNew Delhi : _bOxford University Press, _c2009. |
||
| 270 |
_aYMCA Library Buliding, Jai shing road _bNew Delhi _e110001 |
||
| 300 |
_axvi, 414 p.; _c22 cm. (Pbk) |
||
| 500 | _aIncludes bibliographical references and Index | ||
| 650 | _aIslamic law | ||
| 700 | _aMahmood, Tahir. | ||
| 856 | _uhttp://www.loc.gov/catdir/enhancements/fy1001/2009310535-t.html | ||
| 942 |
_2ddc _cEN _mOUT _h340.59 |
||
| 999 |
_c31972 _d31972 |
||